Del proyecto educativo a la programacion de aula : (Record no. 42816)

MARC details
000 -LEADER
fixed length control field 00859nam a22002297a 4500
005 - DATE AND TIME OF LATEST TRANSACTION
control field 20150124125236.0
008 - FIXED-LENGTH DATA ELEMENTS--GENERAL INFORMATION
fixed length control field 130110t sp||||| |||| 00| 0 spa d
020 ## - INTERNATIONAL STANDARD BOOK NUMBER
International Standard Book Number 8478270558
050 04 - LIBRARY OF CONGRESS CALL NUMBER
Classification number LB2806 .15
Item number D46 2003
245 00 - TITLE STATEMENT
Title Del proyecto educativo a la programacion de aula :
Remainder of title el qué, el cuándo y el cómo de los instrumentos de la planificación didáctica/
Statement of responsibility, etc S. Antúnez ... [et al.]
250 ## - EDITION STATEMENT
Edition statement 15a.
260 ## - PUBLICATION, DISTRIBUTION, ETC. (IMPRINT)
Place of publication, distribution, etc Barcelona :
Name of publisher, distributor, etc Grao,
Date of publication, distribution, etc 2003
300 ## - PHYSICAL DESCRIPTION
Extent 153 p. :
Other physical details il.;
Dimensions 23cm.
440 #0 - SERIES STATEMENT/ADDED ENTRY--TITLE
Title Serie: Diseño y desarrollo curricular
440 #0 - SERIES STATEMENT/ADDED ENTRY--TITLE
Title Colección : Graó ;
Number of part/section of a work 109
504 ## - BIBLIOGRAPHY, ETC. NOTE
Bibliography, etc Incluye referencias bibliográficas.
650 #4 - SUBJECT ADDED ENTRY--TOPICAL TERM
Topical term or geographic name as entry element Planificación curricular
Geographic subdivision España
650 #4 - SUBJECT ADDED ENTRY--TOPICAL TERM
Topical term or geographic name as entry element Administración escolar
General subdivision Educación
650 #4 - SUBJECT ADDED ENTRY--TOPICAL TERM
Topical term or geographic name as entry element Educación
Geographic subdivision España
General subdivision Curricula
700 1# - ADDED ENTRY--PERSONAL NAME
Personal name Antunez, Serafín ,
Relator term coaut.
942 ## - ADDED ENTRY ELEMENTS (KOHA)
Source of classification or shelving scheme Biblioteca del Cogreso de los Estados Unidos
Koha item type Libro
Holdings
Estado de pérdida Fuente de clasificación Estado del daño No para préstamo Ubicación permanente Ubicación actual Fecha de adquisición Fuente de adquisición Enumeración de Serie / Cronológica Clasificación Código de Barras Date last seen Número de copia Tipo de recurso Nota pública
  Biblioteca del Cogreso de los Estados Unidos     Biblioteca de la Facultad de Letras Biblioteca de la Facultad de Letras 09/10/2013   LLH000003111 LB2806 .15 D46 2003 LLH000003111 16/01/2015 C:1 Libro General